000 00489cam a2200169 4500500
005 20260329001419.0
041 _afre
042 _adc
100 1 0 _aArguillère, Stéphane
_eauthor
245 0 0 _aBouddha
260 _c2007.
500 _a15
690 _aBouddha
690 _aSagesse
786 0 _nPhilosophie magazine | 7 | 3 | 2007-03-01 | p. 28-28 | 1951-1787
856 4 1 _uhttps://shs.cairn.info/magazine-philosophie-magazine-2007-3-page-28?lang=fr&redirect-ssocas=7080
999 _c1805172
_d1805172